000 00322nam a2200133Ia 4500
005 20251222155203.0
008 251222s9999||||xx |||||||||||||| ||spa||
082 _aMAN.96
100 _aConsejo para la Fam.
245 0 _aSexualidad humana verdad y significado
250 _a1ra. ed.
264 _bOPS/OMS
942 _cLIB
999 _c39990
_d39990